ბათუმის შოთა რუსთაველის სახელმწიფო უნივერსიტეტის ბიბლიოთეკა

Maigret and the man on the bench. (ბიბ.ჩანაწერი № 46255)

000 -LEADER
fixed length control field 00549nam a2200217Ia 4500
001 - CONTROL NUMBER
control field 13088
003 - CONTROL NUMBER IDENTIFIER
control field GE_BSU
008 - FIXED-LENGTH DATA ELEMENTS--GENERAL INFORMATION
fixed length control field 181216s||||||||xx |||||||||||||| ||und||
020 ## - INTERNATIONAL STANDARD BOOK NUMBER
International Standard Book Number 0156551233
040 ## - CATALOGING SOURCE
Transcribing agency GE_BSU
080 ## - UNIVERSAL DECIMAL CLASSIFICATION NUMBER
Universal Decimal Classification number 821.111-3
100 ## - MAIN ENTRY--PERSONAL NAME
Personal name Simenon,Georges.
245 ## - TITLE STATEMENT
Title Maigret and the man on the bench.
245 ## - TITLE STATEMENT
Statement of responsibility, etc. Translated from the french by Eileen Ellenbogen.
260 ## - PUBLICATION, DISTRIBUTION, ETC.
Place of publication, distribution, etc. New York.
260 ## - PUBLICATION, DISTRIBUTION, ETC.
Name of publisher, distributor, etc. A harvest [HB] book.
260 ## - PUBLICATION, DISTRIBUTION, ETC.
Date of publication, distribution, etc. 1953
300 ## - PHYSICAL DESCRIPTION
Extent 182p;17cm.
653 ## - INDEX TERM--UNCONTROLLED
Uncontrolled term Maigret and the man on the bench.
942 ## - ADDED ENTRY ELEMENTS (KOHA)
Koha item type წიგნი
ეგზემპლარები
Withdrawn status Lost status Damaged status Not for loan Date acquired Barcode Date last seen Price effective from Koha item type
        2018-12-17 36696 2018-12-17 2018-12-17 წიგნი